Marine cartography in Britain: a history of the sea chart to 1855 (Record no. 87637)

MARC details
000 -LEADER
fixed length control field 00478cam a2200181 4500
001 - CONTROL NUMBER
control field D14935
008 - FIXED-LENGTH DATA ELEMENTS--GENERAL INFORMATION
fixed length control field 090401t1962 xxu||||| |||| 00| 0 eng d
035 ## - SYSTEM CONTROL NUMBER
System control number (Sirsi) u18954
041 ## - LANGUAGE CODE
Language code of text/sound track or separate title eng
050 ## - LIBRARY OF CONGRESS CALL NUMBER
Classification number 526.990222
100 ## - MAIN ENTRY--PERSONAL NAME
Personal name Robinson, A.H.W.
245 ## - TITLE STATEMENT
Title Marine cartography in Britain: a history of the sea chart to 1855
260 ## - PUBLICATION, DISTRIBUTION, ETC.
Place of publication, distribution, etc. Leicester
Name of publisher, distributor, etc. Leicester University Press
Date of publication, distribution, etc. 1962
300 ## - PHYSICAL DESCRIPTION
Extent 222p. ill. 28cm
350 ## - PRICE (NR) (BK AM CF MU VM SE) [OBSOLETE]
Price 5.25
942 ## - ADDED ENTRY ELEMENTS (KOHA)
Suppress in OPAC 0
948 ## - LOCAL PROCESSING INFORMATION (OCLC); SERIES PART DESIGNATOR (RLIN)
c (OCLC) 04/03/1997
Holdings
Withdrawn status Lost status Source of classification or shelving scheme Damaged status Not for loan Home library Current library Shelving location Date acquired Cost, normal purchase price Total Checkouts Full call number Barcode Date last seen Copy number Cost, replacement price Price effective from Koha item type
    Dewey Decimal Classification     London London Folio 19/08/1991 5.25   F526.990222 30004152 02/06/2026 1 5.25 06/08/2019 Book